मानव अधिकारः वेदों के आलोक में / (Record no. 63201)

MARC details
000 -LEADER
fixed length control field 00939 aa a2200229 4500
005 - DATE AND TIME OF LATEST TRANSACTION
control field 20120218121026.0
010 ## - LCCN (DPL NO)
LC control number
020 ## - INTERNATIONAL STANDARD BOOK NUMBER
Terms of availability 200.00
International Standard Book Number 8188408034
035 ## - SYSTEM CONTROL NUMBER
System control number B-73013
037 ## - SOURCE OF ACQUISITION
Source of stock number/acquisition
Stock number dpl
082 ## - DEWEY DECIMAL CLASSIFICATION NUMBER
Classification number 220.21
100 ## - MAIN ENTRY--PERSONAL NAME
Personal name मोहम्मद हनीफ खाँ
245 ## - TITLE STATEMENT
Title मानव अधिकारः वेदों के आलोक में /
Statement of responsibility, etc मोहम्मद हनीफ खाँ
246 ## - VARYING FORM OF TITLE
Title proper/short title
260 ## - PUBLICATION, DISTRIBUTION, ETC. (IMPRINT)
Place of publication, distribution, etc नई दिल्ली
Name of publisher, distributor, etc शाइस्ता प्रकाशन
Date of publication, distribution, etc 2002
260 ## - PUBLICATION, DISTRIBUTION, ETC. (IMPRINT)
Place of publication, distribution, etc
300 ## - PHYSICAL DESCRIPTION
Extent 156पृ
Dimensions 22 सेमी (सजिल्द)
650 ## - SUBJECT ADDED ENTRY--TOPICAL TERM
Topical term or geographic name as entry element Statistic
700 ## - ADDED ENTRY--PERSONAL NAME
Personal name ओझा, एन.एन.
9 (RLIN) 42439
942 ## - ADDED ENTRY ELEMENTS (KOHA)
Institution code [OBSOLETE] dpl
Item type Hindi Books
Call number prefix
Source of classification or shelving scheme Dewey Decimal Classification
Classification part 220.21
Call number suffix मोहम्म
Holdings
Withdrawn status Lost status Not for loan Collection code Home library Current library Date acquired Cost, normal purchase price Full call number Barcode Cost, replacement price Koha item type
      Non-fiction Sarojini Nagar Sarojini Nagar 18/02/2012 200.00 220.21 मोहम्म B-073013 200.00 Hindi Books

© Delhi Public Library
Hit Counter
free hit counter